Welcome to CU Library Online Public Access Catalogue (OPAC)

Advanced accountancy (Record no. 4123)

MARC details
000 -LEADER
fixed length control field 00411nam a22001577a 4500
005 - DATE AND TIME OF LATEST TRANSACTION
control field 20250222113731.0
008 - FIXED-LENGTH DATA ELEMENTS--GENERAL INFORMATION
fixed length control field 250222b |||||||| |||| 00| 0 eng d
050 ## - LIBRARY OF CONGRESS CALL NUMBER
Classification number HF5635
Item number MAH
100 ## - MAIN ENTRY--PERSONAL NAME
Personal name Maheshwari, S. N.
245 ## - TITLE STATEMENT
Title Advanced accountancy
250 ## - EDITION STATEMENT
Edition statement 8th
260 ## - PUBLICATION, DISTRIBUTION, ETC.
Place of publication, distribution, etc. New Delhi
Name of publisher, distributor, etc. VIKAS Publishing House Pvt, Ltd
Date of publication, distribution, etc. c1984
300 ## - PHYSICAL DESCRIPTION
Extent xvii, 3.215p
700 ## - ADDED ENTRY--PERSONAL NAME
Personal name Maheshwari, S. K.
942 ## - ADDED ENTRY ELEMENTS (KOHA)
Source of classification or shelving scheme Library of Congress Classification
Koha item type Books
Suppress in OPAC No
999 ## -
-- 4123
-- 4123
Holdings
Withdrawn status Lost status Source of classification or shelving scheme Damaged status Not for loan Collection Home library Current library Shelving location Date acquired Total checkouts Full call number Barcode Date last seen Copy number Price effective from Koha item type
    Library of Congress Classification     Non-fiction Undergraduate Library (Christ Temple) Undergraduate Library (Christ Temple) General stacks 02/22/2025   HF5635 MAH ulct00001346 02/22/2025 1 02/22/2025 Books
    Library of Congress Classification     Non-fiction Undergraduate Library (Christ Temple) Undergraduate Library (Christ Temple) General stacks 02/22/2025   HF5635 MAH ulct00001347 02/22/2025 1 02/22/2025 Books
    Library of Congress Classification     Non-fiction Undergraduate Library (Christ Temple) Undergraduate Library (Christ Temple) General stacks 02/22/2025   Hf5635 MAH ulct00001352 02/22/2025 1 02/22/2025 Books
    Library of Congress Classification     Non-fiction Undergraduate Library (Christ Temple) Undergraduate Library (Christ Temple) General stacks 02/22/2025   Hf5635 MAH ulct00001353 02/22/2025 2 02/22/2025 Books
    Library of Congress Classification     Non-fiction Undergraduate Library (Christ Temple) Undergraduate Library (Christ Temple) General stacks 02/22/2025   Hf5635 MAH ulct00001354 02/22/2025 3 02/22/2025 Books
    Library of Congress Classification     Non-fiction Undergraduate Library (Christ Temple) Undergraduate Library (Christ Temple) General stacks 02/22/2025   Hf5635 MAH ulct00001355 02/22/2025 4 02/22/2025 Books
    Library of Congress Classification     Non-fiction Undergraduate Library (Christ Temple) Undergraduate Library (Christ Temple) General stacks 02/22/2025   Hf5635 MAH ulct00001356 02/22/2025 5 02/22/2025 Books
© 2023-2024 Copyright: Central University Libraries. All Rights Reserved | Created by: Mahone Tech Office